Jungle / (Record no. 112356)
[ view plain ]
| 000 -LEADER | |
|---|---|
| fixed length control field | 00637nam a2200169 a 4500 |
| 005 - DATE AND TIME OF LATEST TRANSACTION | |
| control field | 20140414131934.0 |
| 008 - FIXED-LENGTH DATA ELEMENTS--GENERAL INFORMATION | |
| fixed length control field | 110113s19uu xx 00 eng d |
| 050 ## - LIBRARY OF CONGRESS CALL NUMBER | |
| Classification number | REF 578.734 |
| Item number | G82 2000 |
| 100 ## - MAIN ENTRY--PERSONAL NAME | |
| Personal name | Greenaway, Theresa, 1947- |
| 245 ## - TITLE STATEMENT | |
| Title | Jungle / |
| Statement of responsibility, etc | written by Theresa Greenaway ; photographed by Geoff Dann. |
| 260 ## - PUBLICATION, DISTRIBUTION, ETC. (IMPRINT) | |
| Place of publication, distribution, etc | New York, N.Y. : |
| Name of publisher, distributor, etc | DK Pub., |
| Date of publication, distribution, etc | 2009. |
| 440 ## - SERIES STATEMENT/ADDED ENTRY--TITLE | |
| Title | Eyewitness books |
| 500 ## - GENERAL NOTE | |
| General note | Includes fold-out wall chart. "Discover life in the tropical rain forest--from exotic birds to millions of species of insects"--Cover. Includes index. |
| 650 ## - SUBJECT ADDED ENTRY--TOPICAL TERM | |
| Topical term or geographic name as entry element | Rain forests. |
| 650 ## - SUBJECT ADDED ENTRY--TOPICAL TERM | |
| Topical term or geographic name as entry element | Jungles. |
| Withdrawn status | Lost status | Damaged status | Home library | Current library | Shelving location | Date acquired | Total Checkouts | Full call number | Barcode | Date last seen | Price effective from | Koha item type |
|---|---|---|---|---|---|---|---|---|---|---|---|---|
| Munich Library | Munich Library | Reference Section | 01/13/2011 | REF 578.734 G82 2000 | M3641 | 04/14/2014 | 04/14/2014 | Books |